000
00471nam a2200145Ia 4500
008
100122s9999 xx 000 0 und d
082
_b
16756
_a
215
100
_a
देशपांडे माधव का.
245
_a
संत आणि सायन्स
260
_b
अस्मिता प्रकाशन
_c
1970
300
_a
376
630
_a
संत आणि सायन्स
730
_a
संत आणि सायन्स
942
_c
BOOK
999
_c
406632
_d
406629